000 00784nam a22002657a 4500
999 _c20037
_d20037
005 20180803170438.0
008 171220b2017 ck ||||| |||| 00| 0 spa d
020 _a9789585606500
040 _aCO-BoIAVH
_cCO-BoIAVH
041 _aspa
044 _ack
082 _a631.27
_bC82g
110 1 _aCorporación Ambiental la Pedregoza
245 2 _aGuía de postes y cercas vivas para el Vichada
260 _aBogotá:
_bCorporación Ambiental la Pedregoza ,
_c2017.
300 _a60 páginas
_c28 x 21cm
650 1 4 _aCercas vivas
650 1 4 _aEspecies forestales
650 1 4 _aZonas degradadas
650 1 4 _aSiembra
650 1 4 _aConservación
650 1 4 _aRío Bita
650 1 4 _aCuenca
942 _2ddc
_cLIBRO